000
00309nam a22001337a 4500
008
170911b xxu||||| |||| 00| 0 eng d
020
_a
9780137549207
041
_a
eng
080
_2
2ND
_a
53
100
_a
43
101
_a
FIZ
245
_a
DISCRETE-TIME SIGNAL PROCESSING
_c
OPPENHEIM,A.V
942
_2
udc
_c
BK
999
_c
27155
_d
27155